Netters Anatomy Companion Workbook (Record no. 157627)

MARC details
000 -LEADER
fixed length control field 00357nam a2200133Ia 4500
008 - FIXED-LENGTH DATA ELEMENTS--GENERAL INFORMATION
fixed length control field 230411s9999 xx 000 0 und d
041 ## - LANGUAGE CODE
Language code of text/sound track or separate title eng
082 ## - DEWEY DECIMAL CLASSIFICATION NUMBER
Classification number A/611/HAN/B07506
100 ## - MAIN ENTRY--PERSONAL NAME
Personal name Hansen John
9 (RLIN) 179608
245 ## - TITLE STATEMENT
Title Netters Anatomy Companion Workbook
260 ## - PUBLICATION, DISTRIBUTION, ETC. (IMPRINT)
Name of publisher, distributor, etc. Saunders company
Place of publication, distribution, etc. Philadelphia
Date of publication, distribution, etc. 2011
300 ## - PHYSICAL DESCRIPTION
Extent 524p
Holdings
Withdrawn status Lost status Damaged status Not for loan Collection code Home library Current library Date acquired Vendor Cost, normal purchase price Bill number Full call number Barcode Date last seen Cost, replacement price Bill Date Koha item type Original Barcode
      Reference   Smt. Bakul Tambat Institute of Nursing Education Smt. Bakul Tambat Institute of Nursing Education 20/03/2013 B.J.Medical Co-oprative College Stores 495.00 5531 A 611 HAN B07506 BTIN-BK-7506 11/04/2023 351.00 20/03/2013 Books B07506